000 00294nam a22001217a 4500
040 _cHS
082 _a338 IAN 2000 C086
100 _aIAN DOBBS
245 _aManagerial economics : firms, markets, and business decision
260 _aNew York
_bIAN DOBBS
_c2000
300 _a493p;
942 _cEK
999 _c11087
_d11087